000 00965cam a22003018a 4500
999 _c46809
_d46809
001 16924353
003 OCoLC
005 20190610111105.0
008 871013s1987 mium a 0 0 eng
010 _a87029434
020 _a0310209315.
040 _aDLC
_cDLC
_dNVS
_dVCB
049 _aVCBB
100 1 _aLynn, David,
_d1954-
245 1 0 _aHigh school talksheets :
_bfifty creative discussions for high school youth groups /
_cby David Lynn ; edited by Wayne Rice ; illustrations by Corbin Hillam.
246 3 _aHigh school talk sheets.
260 _aGrand Rapids, Mich. :
_bZondervan,
_cc1987.
300 _a112 p. :
_bforms ;
_c28 cm.
336 _atext
337 _8unmediated
338 _avolume
590 _aEP $6.69.
650 0 _aHigh school students
_xReligious life
_xStudy and teaching.
650 0 _aHigh school students
_xConduct of life
_xStudy and teaching.
700 1 _aRice, Wayne.
700 1 _aHillam, Corbin.
942 _2lcc
_cBK